| 000 | 00633nam a2200241Ia 4500 | ||
|---|---|---|---|
| 003 | OSt | ||
| 005 | 20221007072015.0 | ||
| 006 | a|||||r|||| 00| 0 | ||
| 007 | ta | ||
| 008 | 221006b |||||||| |||| 00| 0 eng d | ||
| 024 | _a19,329 | ||
| 037 | _cTextual | ||
| 040 |
_aFLL _cFLL _beng |
||
| 041 |
_2eng _aeng |
||
| 082 | _aZ:91, E9 | ||
| 100 |
_aHarrison F. Au. _9689864 |
||
| 245 | 0 | _aJurisprudence and the conflict of laws | |
| 250 | _a6th | ||
| 260 |
_aLondon _bOxford university press England _c1919 |
||
| 300 |
_a179p _ccm. |
||
| 942 |
_hZ:91, E9 _cTEXL _2CC |
||
| 999 |
_c1144951 _d1144951 |
||